| 000 | 01929nam a2200457 c 4500 | ||
|---|---|---|---|
| 999 |
_c51680 _d51680 |
||
| 001 | 51680 | ||
| 003 | ES-MaCES | ||
| 005 | 20210119143812.0 | ||
| 008 | 210119s2019 sp 100 ||spa d | ||
| 017 |
_aCS 1147-2019 _bDL |
||
| 020 | _a9788417900304 | ||
| 020 | _a9788417900311 (pdf) | ||
| 040 |
_aES-MaCES _bspa _cES-MaCES |
||
| 041 | 0 | _aspa | |
| 041 | 0 | _aeng | |
| 041 | 0 | _aita | |
| 111 |
_939844 _aConferencia Hispano-Polaca sobre Tradición Jurídica Europea _n9ª _d2018 _cCastellón |
||
| 245 | 1 | 0 |
_aAdministración, Estado del Bienestar y políticas socioeconómicas _b: raíces romanísticas e instituciones de la actualidad _c[Ponencias presentadas a la "IX Conferencia Hispano-Polaca sobre Tradición Jurídica Europea, organizada en Castellón, 2019 bajo el tít. "Administración, Estado del Bienestar y políticas socioeconómicas" ] ; Carmen Lázaro Guillamón ... [et al.] (eds.). |
| 260 |
_aCastelló de la Plana _bPublicacions de la Universitat Jaume I, Servei de Comunicació i Publicacions _c[2019] |
||
| 300 |
_a308 p. _c21 cm |
||
| 490 | 1 |
_aEstudis jurídics _v25 |
|
| 500 | _aTextos en castellano, inglés e italiano | ||
| 504 | _aBibliografía y resumen por capt. | ||
| 541 | _cCompra | ||
| 650 | 4 |
_aadministración pública _927214 |
|
| 650 | 4 |
_aEstado-Benefactor _929481 |
|
| 650 | 4 |
_apolítica social _927029 |
|
| 650 | 4 |
_aeconomía del bienestar _929849 |
|
| 650 | 4 |
_apolítica gubernamental _927211 |
|
| 650 | 4 |
_aintervención estatal _929380 |
|
| 650 | 4 |
_aaspecto jurídico _927152 |
|
| 650 | 4 |
_aestudio de casos _928846 |
|
| 650 | 4 |
_ainvestigación interdisciplinaria _928841 |
|
| 650 | 4 |
_aconferencia _927013 |
|
| 653 | 1 | 0 | _aSeguridad Social |
| 700 | 1 |
_939206 _aLázaro Guillamón, Carmen _eed. lit. |
|
| 710 | 2 |
_95406 _aUniversitat Jaume I _eed. |
|
| 830 | 0 |
_939843 _aEstudis jurídics (Universitat Jaume I) _v25 |
|
| 902 | _aLIB Libro | ||
| 942 |
_2CES _cBK _h3.0. |
||